Les 5 périodes de l'histoire en 15 secondes - Statistiques

Statistiques générales
  • Ce quiz a été pris 151 fois
  • Le résultat moyen est 3 sur 5
Statistiques - réponses
Réponse % Correct
Antiquité
90%
Moyen-Âge
85%
Préhistoire
72%
Temps modernes
22%
Epoque Contemporaine
11%
Aucun quiz correspondant
Distribution des résultats
% des personnes avec chaque résultat
Percentile par nombre de réponses
Votre historique - résultats
Vous n’avez pas pris ce quiz